History Quiz

Random History Quiz

British Queens, Consorts and Royals Quiz Stats

 Plays Quiz not verified by Sporcle

Score 0/21 Timer 06:00
0 Plays Today
% Correct
Catherine of Aragon
88%
Mary of Teck
86%
Catherine Parr
85.7%
Elizabeth of York
84.9%
Mary Queen of Scots
84.6%
Lady Jane Grey
84.6%
Elizabeth Woodville
84.3%
Catherine Howard
82.6%
Margaret Tudor
82.4%
Empress Matilda
77.3%
Mary of Guise
76.2%
% Correct
Cecily Neville, Duchess of York
73.4%
Henrietta Maria of France
72.8%
Margaret Beaufort, Countess of Richmond
72.5%
Caroline of Brunswick
72.3%
Margaret of Anjou
71.7%
Isabella of France
69.7%
Mary Tudor
68.6%
Catherine of Valois
68.3%
Eleanor of Castile
66.1%
Joan of Navarre
59.7%

You're not logged in!

Compare scores with friends on all Sporcle quizzes.
OR
Log In

Sporcle TV

Today on Sporcle TV


Watch our educational content, quiz creation guides, and fun videos on Sporcle TV.

Show Comments

Extras

Created Sep 1, 2015ReportNominate
Tags:British, Queen, Queens-Consort, royal

Top Quizzes Today


Score Distribution

Your Account Isn't Verified!

In order to create a playlist on Sporcle, you need to verify the email address you used during registration. Go to your Sporcle Settings to finish the process.

Report this User

Report this user for behavior that violates our Community Guidelines.

Details: